[Event "63rd ch-GEO w"]
[Site "Tbilisi GEO"]
[Date "2006.01.11"]
[Round "3"]
[White "Khukhashvili,S"]
[Black "Khurtsidze,N"]
[Result "0-1"]
[WhiteElo "2316"]
[BlackElo "2430"]

1.e4 c5 2.Nf3 e6 3.d4 cxd4 4.Nxd4 a6 5.Nc3 Qc7 6.g3 Bb4 7.Bd2 Nc6 8.Nb3 Nf6
9.Bg2 Be7 10.a4 b6 11.O-O Bb7 12.f4 d6 13.Kh1 O-O 14.g4 d5 15.e5 Nd7 16.Ne2 Nc5
17.Nbd4 Ne4 18.Nxc6 Bxc6 19.Nd4 b5 20.a5 b4 21.g5 Bb5 22.Rf3 Bc5 23.Be3 Rfc8
24.Rc1 Qxa5 25.Nb3 Qd8 26.Nxc5 Nxc5 27.Rh3 Nd7 28.f5 exf5 29.Bxd5 Bc6 30.Bxc6 Rxc6
31.Qf3 Nxe5 32.Qxf5 Qd5+ 33.Kg1 g6 34.Qf4 Rc4 35.Qf2 Rg4+ 36.Rg3 Rxg3+ 37.Qxg3 Rc8
38.Qg2 Qe6 39.Bd4 Rc4 40.Qa8+ Rc8 41.Qe4 Rc4 42.Qa8+ Kg7 43.Qe4 Kg8 44.c3 Nc6
45.Qxe6 fxe6 46.Bf6 bxc3 47.Bxc3 Rf4 48.Kh1 e5 49.h3 Rc4 50.Ra1 Kf7 51.Kh2 Ke6
52.Rf1 Rf4 53.Re1 Rf5 54.h4 Rf4 55.Kh3 Kf5 56.Ra1 Nd4 57.Rxa6 Rf3+ 58.Kg2 Kg4
59.Ra5 Rg3+ 60.Kf2 Rf3+ 61.Kg2 Re3 62.Ra7 Ne6 63.Rf7 Nf4+ 64.Kf1 Kf3 65.Kg1 Rd3
66.h5  0-1

[Event "Winter Invitational"]
[Site "Chicago USA"]
[Date "2006.01.12"]
[Round "7"]
[White "Mitkov,N"]
[Black "Goletiani,R"]
[Result "1-0"]
[WhiteElo "2552"]
[BlackElo "2378"]

1.e4 c5 2.Nc3 e6 3.Nf3 a6 4.d4 cxd4 5.Nxd4 Qc7 6.Bd3 Bd6 7.h3 Ne7 8.O-O Nbc6
9.Nxc6 dxc6 10.f4 e5 11.f5 Bc5+ 12.Kh1 Bd7 13.a4 a5 14.Bd2 h5 15.Qe1 Ng8
16.Nd1 Nf6 17.Ne3 Ng4 18.hxg4 hxg4+ 19.Kg1 g6 20.f6 Qd6 21.Qg3 Bb6 22.Kf2 Qxf6+
23.Ke2 Qe7 24.Nxg4 O-O-O 25.Nf6 Be6 26.Be3 Bc7 27.Qf2 Rxd3 28.cxd3 Qb4 29.Qe1  1-0

[Event "TCh-CZE Extraliga 2005-6"]
[Site "Czech Rep CZE"]
[Date "2006.01.14"]
[Round "7"]
[White "Bindrich,F"]
[Black "Laznicka,V"]
[Result "1/2-1/2"]
[WhiteElo "2401"]
[BlackElo "2525"]

1.e4 c5 2.Nf3 e6 3.Nc3 a6 4.d4 cxd4 5.Nxd4 Qc7 6.Bd3 Nc6 7.Nxc6 bxc6 8.O-O Nf6
9.Qe2 d6 10.f4 Nd7 11.Kh1 Be7 12.Bd2 O-O 13.Rae1 Bf6 14.e5 dxe5 15.Ne4 Bh4
16.g3 Be7 17.fxe5 c5 18.Nf6+ Bxf6 19.exf6 Bb7+ 20.Be4 Nxf6 21.Rxf6 gxf6 22.Qg4+ Kh8
23.Bc3 e5 24.Rf1 Rg8 25.Qf3 Bxe4 26.Qxe4 Rae8 27.Rxf6 Rg6 28.Rf3 Kg8 29.Kg2 Qc6
30.Qf5 Qe6 31.Qe4 Rf6 32.Rd3 Qc6 33.Qxc6 Rxc6 34.Rd5 e4 35.Kf2 e3+ 36.Ke2 Kf8
37.Be5 Rh6 38.h4 c4 39.h5 Rb6 40.a4 f6 41.Bd4 Rc6 42.Rd7 Re7 43.Rd8+ Kf7
44.Rh8 Kg7 45.Rd8 Kh6 46.Rd5 Rce6 47.g4 Re4 48.Bxf6 Rf7 49.Rf5 Rxg4 50.Kxe3 Rg2
51.Bg5+ Kg7 52.Bh6+ Kg8 53.Rc5 Re7+ 54.Kd4 Rxc2 55.Rf5 Re8 56.Kd5 Rxb2 57.Rg5+ Kf7
58.Rf5+ Kg8 59.Rg5+ Kf7 60.Rf5+ Ke7 61.Bg5+ Kd7 62.Rf7+ Kc8 63.Kxc4 Rb7 64.Rf6 Re4+
65.Kd5 Rxa4 66.Rf8+ Kd7 67.Rf7+  1/2-1/2

[Event "Open A"]
[Site "Prague CZE"]
[Date "2006.01.14"]
[Round "2"]
[White "Polard,G"]
[Black "Neelotpal,D"]
[Result "0-1"]
[WhiteElo "2164"]
[BlackElo "2509"]

1.e4 c5 2.Nf3 e6 3.d4 cxd4 4.Nxd4 a6 5.Nc3 b5 6.Bd3 d6 7.O-O Nf6 8.Kh1 Bb7
9.Qe2 Be7 10.Bd2 O-O 11.f4 b4 12.Nd1 a5 13.c4 Na6 14.Nf2 Nc5 15.Bc2 Nfd7
16.Rad1 g6 17.Nf3 Re8 18.Be3 Bf8 19.Rfe1 Qc7 20.Rd2 Rad8 21.Qd1 Nf6 22.Qb1 Bg7
23.Red1 Nh5 24.Nd4 Ba6 25.Nb5 Bxb5 26.cxb5 a4 27.b6 Qc6 28.Bxc5 Qxc5 29.Bxa4 Re7
30.f5 Qxb6 31.Bb3 exf5 32.exf5 Qe3 33.fxg6 hxg6 34.Nh3 Nf6 35.Rd3 Qe5 36.Rg3 d5
37.Rg5 Qd6 38.Qd3 Rde8 39.Bxd5 Re1+ 40.Ng1 Qb6 41.Bxf7+ Kf8  0-1

[Event "TCh-AUT 2005-6"]
[Site "Austria AUT"]
[Date "2006.01.15"]
[Round "7"]
[White "Kritz,L"]
[Black "Eisenbeiser,A"]
[Result "1-0"]
[WhiteElo "2561"]
[BlackElo "2373"]

1.e4 c5 2.Nf3 e6 3.d4 cxd4 4.Nxd4 a6 5.Nc3 b5 6.Bd3 Qb6 7.Nf3 Qc7 8.O-O Bb7
9.Bd2 Bc5 10.b4 Ba7 11.Bxb5 Nf6 12.Bd3 Nc6 13.b5 Nd4 14.bxa6 Bc6 15.Nxd4 Bxd4
16.Rb1 O-O 17.Nb5 Bxb5 18.Rxb5 d5 19.exd5 Nxd5 20.Qf3 g6 21.Rb7 Qc5 22.c4 Nc3
23.Bh6 Bg7 24.Bxg7 Kxg7 25.Bxg6 hxg6 26.Qxc3+ Kg8 27.Qb4 Qxb4 28.Rxb4 Rxa6
29.a4 Rfa8 30.c5 Rxa4 31.Rxa4 Rxa4 32.Rc1 Ra7 33.c6 Rc7 34.h4 f5 35.f3 Kf8
36.Kf2 Ke8 37.Ke3 e5 38.Rc5 Kd8 39.Rd5+ Ke7 40.Rxe5+ Kd6 41.Kf4 Rxc6 42.Re2 Kd7
43.Kg5 Ra6 44.Re3 Rb6 45.g4 fxg4 46.fxg4 Ra6 47.h5 gxh5 48.Kxh5 Ra5+ 49.g5 Ra1
50.Kh6 Rh1+ 51.Kg7 Rg1 52.g6 Rg2 53.Kf7 Rf2+ 54.Kg8 Rg2 55.g7 Rg1 56.Re4  1-0

[Event "63rd ch-GEO w"]
[Site "Tbilisi GEO"]
[Date "2006.01.16"]
[Round "7"]
[White "Khukhashvili,S"]
[Black "Javakhishvili,L"]
[Result "0-1"]
[WhiteElo "2316"]
[BlackElo "2444"]

1.e4 c5 2.Nf3 e6 3.d4 cxd4 4.Nxd4 a6 5.Nc3 Qc7 6.g3 Bb4 7.Ne2 Be7 8.Bg2 Nf6
9.a4 Nc6 10.O-O d6 11.h3 b6 12.g4 Bb7 13.Nf4 Na5 14.Nd3 h6 15.Qe2 O-O 16.Bf4 Nc4
17.b3 Na5 18.Nd1 Rfe8 19.Bh2 Qc6 20.f3 Nd7 21.Kh1 Rad8 22.Rb1 d5 23.e5 d4
24.Bg1 Nb8 25.c3 dxc3 26.Rc1 Nxb3 27.Rxc3 Nc5 28.N1b2 a5 29.Bxc5 bxc5 30.Rfc1 Na6
31.Nc4 Qc7 32.Na3 Qd7 33.Nb5 Bc6 34.Nd6 Bxd6 35.exd6 Qxd6 36.Nxc5 Nb4 37.Ne4 Qd7
38.Nc5 Qd4 39.Nb3 Qb6 40.Qe3 Qa6 41.Nc5 Qa8 42.Rc4 Bd5 43.Rd4 Rc8 44.g5 Qa7
45.Rdd1 hxg5 46.Qf2 Rc7 47.Ne4 Qxf2 48.Nxf2 Rec8 49.Rxc7 Rxc7 50.Ne4 f6 51.Bf1 Kf8
52.Kg2 Ke7 53.Kg3 Bxe4 54.fxe4 Rc3+ 55.Kh2 Nc6 56.Rb1 Nb4 57.Rd1 g6 58.Bb5 Rc7
59.Kg3 f5 60.e5 Nd5 61.Rg1 Rc5 62.h4 g4 63.h5 gxh5 64.Kh4 Nc7  0-1

[Event "Classic"]
[Site "Queenstown NZL"]
[Date "2006.01.17"]
[Round "3"]
[White "Beach,P"]
[Black "Humphrey,J"]
[Result "0-1"]
[WhiteElo "2164"]
[BlackElo "2254"]

1.e4 c5 2.Nf3 e6 3.d4 cxd4 4.Nxd4 a6 5.Nc3 b5 6.g3 Bb7 7.Bg2 b4 8.Na4 Nf6
9.O-O Bxe4 10.Bxe4 Nxe4 11.Re1 d5 12.c4 bxc3 13.Nxc3 Be7 14.Nxe4 dxe4 15.Bf4 Bf6
16.Rxe4 O-O 17.Qa4 Qd5 18.Rae1 Nd7 19.Qc6 Nc5 20.Bd6 Nxe4 21.Bxf8 Bxd4  0-1

[Event "Classic"]
[Site "Queenstown NZL"]
[Date "2006.01.17"]
[Round "3"]
[White "Lazarus,B"]
[Black "Bjelobrk,I"]
[Result "1/2-1/2"]
[WhiteElo "2155"]
[BlackElo "2399"]

1.e4 e6 2.Nc3 c5 3.Nf3 a6 4.d4 cxd4 5.Nxd4 Qc7 6.f4 b5 7.Bd3 Bb7 8.Bd2 Nc6
9.Nxc6 Bxc6 10.Qe2 Qb7 11.O-O b4 12.Nd1 Nf6 13.Nf2 Bc5 14.Rae1 O-O 15.Kh1 a5
16.Nh3 Ne8 17.f5 e5 18.Qh5 Nf6 19.Qh4 d5 20.Rf3 Be7 21.Rg3 Ne8 22.Bg5 f6
23.Bd2 Bc5 24.Be3 Bxe3 25.Rexe3 Nd6 26.exd5 Bxd5 27.Qg4 Ra7 28.Nf2 Rc8 29.b3 a4
30.Re1 axb3 31.axb3 Rca8 32.h4 Kh8 33.Rge3 Ra1 34.Ne4 Qb6 35.Kh2 Rxe1 36.Rxe1 Rc8
37.Nxd6 Qxd6 38.Be4 Bxe4 39.Qxe4 h6 40.Ra1 Kh7 41.Ra4 Qd1 42.Rxb4 Rxc2 43.Rc4 Rb2
44.Rc8 Qd2 45.Qg4 Qf4+ 46.Qxf4 exf4 47.Rc3 h5  1/2-1/2

[Event "Classic"]
[Site "Queenstown NZL"]
[Date "2006.01.19"]
[Round "5"]
[White "Van Riemsdijk,H"]
[Black "Ly,M"]
[Result "1-0"]
[WhiteElo "2353"]
[BlackElo "2162"]

1.e4 c5 2.Nf3 e6 3.d4 cxd4 4.Nxd4 a6 5.Nc3 Qc7 6.g3 d6 7.Bg2 Nf6 8.O-O Be7
9.Qd2 O-O 10.b3 Nc6 11.Nce2 Bd7 12.c4 Rac8 13.Bb2 Nxd4 14.Nxd4 Rfd8 15.Rac1 Be8
16.h3 Qb8 17.Bc3 Bf8 18.Nc2 Bc6 19.Rfe1 b5 20.Ba5 Re8 21.Nb4 Bb7 22.Nd3 bxc4
23.bxc4 Qa8 24.Qf4 d5 25.exd5 exd5 26.Rxe8 Rxe8 27.c5 Ne4 28.c6 Bxc6 29.Ne5 Bb5
30.Qxf7+ Kh8 31.Qf5 g6 32.Nxg6+ hxg6 33.Qxg6 Re7 34.Bxe4 dxe4 35.Rc5 Rh7
36.Rh5  1-0

[Event "2nd Armenian Clubs"]
[Site "Yerevan ARM"]
[Date "2006.01.20"]
[Round "3"]
[White "Petrosian,TL"]
[Black "Simonian,H"]
[Result "1-0"]
[WhiteElo "2558"]
[BlackElo "2280"]

1.e4 c5 2.Nf3 e6 3.Nc3 a6 4.d4 cxd4 5.Nxd4 b5 6.Bd3 Bc5 7.Nf3 Ne7 8.O-O Bb7
9.Bf4 d6 10.Bg3 Nbc6 11.e5 dxe5 12.Ne4 Bb6 13.Nxe5 Nf5 14.Qh5 Qe7 15.Rfe1 Nxg3
16.Nd6+ Kf8 17.Qxf7+ Qxf7 18.Nexf7 Nh5 19.Nxh8 Ke7 20.Nxb7 Rxh8 21.Be4 Ne5
22.b4  1-0

[Event "TCh-BEL 2005-6"]
[Site "Belgium BEL"]
[Date "2006.01.21"]
[Round "7"]
[White "Wiersma,E"]
[Black "Lutz,C"]
[Result "0-1"]
[WhiteElo "2409"]
[BlackElo "2609"]

1.e4 c5 2.Nf3 e6 3.d4 cxd4 4.Nxd4 a6 5.Nc3 Qc7 6.Bd3 Nf6 7.f4 b5 8.e5 b4
9.Nce2 Nd5 10.Be4 Bb7 11.Qd3 Be7 12.O-O Nc6 13.Nf5 exf5 14.Bxd5 Nxe5 15.fxe5 Qc5+
16.Kh1 Qxd5 17.Qg3 Qc4 18.Qf2 Qxc2 19.Be3 O-O 20.Rad1 Be4 21.Rd2 Qc4 22.b3 Qb5
23.Qg3 Rfc8 24.Re1 Qb7 25.Red1 Rc7 26.Nf4 Qc6 27.Bd4 Qh6 28.e6 d6 29.Nh5 fxe6
30.Nxg7 Kf7 31.Nxe6 Qxe6 32.Qg7+ Ke8 33.Be3 Rac8 34.Bf4 Rc1  0-1

[Event "GM"]
[Site "Marianske Lazne CZE"]
[Date "2006.01.21"]
[Round "1"]
[White "Kersten,U"]
[Black "Mahjoob,M"]
[Result "0-1"]
[WhiteElo "2316"]
[BlackElo "2419"]

1.e4 c5 2.Nf3 e6 3.d4 cxd4 4.Nxd4 a6 5.Nc3 b5 6.Bd3 Qb6 7.Nf3 Nc6 8.O-O Qc7
9.Re1 Bb7 10.Bf1 Bb4 11.a4 bxa4 12.Rxa4 Nge7 13.Bg5 Ng6 14.Nd4 Bd6 15.g3 Be5
16.Nb3 d6 17.Rc4 O-O 18.Nd5 exd5 19.exd5 Qd7 20.dxc6 Bxc6 21.Rxc6 Qxc6 22.Bg2 Qc4
23.Bxa8 Rxa8 24.Bc1 Qc6 25.c3 a5 26.Nd2 Rb8 27.f4 Bf6 28.Qf3 d5 29.Kg2 Qb5
30.Qe2 Qb7 31.Nf3 h6 32.Rd1 Ne7 33.Qd3 Nc6 34.h3 d4 35.c4 Nb4 36.Qf5 Re8
37.Kf2 Na2 38.Qb5 Qe7  0-1

[Event "2nd Armenian Clubs"]
[Site "Yerevan ARM"]
[Date "2006.01.21"]
[Round "4"]
[White "Minasian,Art"]
[Black "Chibukhchian,A"]
[Result "1-0"]
[WhiteElo "2574"]
[BlackElo "2404"]

1.e4 c5 2.Nf3 e6 3.d4 cxd4 4.Nxd4 a6 5.Nc3 Qc7 6.Bd3 Nc6 7.Be3 Nf6 8.O-O b5
9.Nxc6 Qxc6 10.a3 Bb7 11.Qf3 Bd6 12.Rae1 Be5 13.Bf4 Qc7 14.Bxe5 Qxe5 15.h3 O-O
16.Qe3 d6 17.Kh1 Rfe8 18.f4 Qc5 19.Qg3 e5 20.fxe5 Qxe5 21.Qh4 Qh5 22.Qg3 Qe5
23.Qh4 Qe7 24.Qg3 Nd7 25.Nd1 Qe5 26.Qh4 Nc5 27.Nc3 Re6 28.Rf5 Qd4 29.Ref1 Nxd3
30.cxd3 Qxd3 31.Rxf7 Bxe4 32.Qf2 g6 33.Rf8+  1-0

[Event "2nd Bundesliga West 2005-6"]
[Site "Austria AUT"]
[Date "2006.01.22"]
[Round "8"]
[White "Ladner,P"]
[Black "Tabernig,B"]
[Result "1/2-1/2"]
[WhiteElo "2038"]
[BlackElo "2324"]

1.e4 c5 2.Nf3 e6 3.d4 cxd4 4.Nxd4 a6 5.Nc3 Bc5 6.Nb3 Ba7 7.Qf3 Nc6 8.Be3 Nge7
9.O-O-O O-O 10.Kb1 f5 11.Bxa7 Rxa7 12.Bd3 Qc7 13.exf5 Nxf5 14.g4 Ne5 15.Qf4 g5
16.Qxg5+ Ng7 17.Qh6 Nxd3 18.Rxd3 Qf4 19.Qxf4 Rxf4 20.f3 d5 21.Ne2 Rf8 22.Na5 Bd7
23.Re3 b6 24.Nb3 a5 25.Nbd4 b5 26.Nc1 b4 27.Nd3 Rc7 28.h4 h5 29.Rg1 Bc8 30.Ne5 Kh7
31.Nec6 Rf4 32.b3 Bd7 33.Ne2 Rf8 34.Ne5 Be8 35.Nd4 Rf4 36.Ne2 Rf8 37.Nd4 Rf4
38.Ne2  1/2-1/2

[Event "Winter Cup"]
[Site "Bucharest ROM"]
[Date "2006.01.22"]
[Round "9"]
[White "Ardelean,G"]
[Black "Chirila,I"]
[Result "1-0"]
[WhiteElo "2442"]
[BlackElo "2376"]

1.e4 c5 2.Nf3 e6 3.Nc3 a6 4.d4 cxd4 5.Nxd4 Qc7 6.Be2 b5 7.O-O Bb7 8.Re1 d6
9.Bf3 Nd7 10.a4 bxa4 11.Nxa4 Ngf6 12.g3 Be7 13.b3 Nc5 14.Nc3 O-O 15.Bb2 g6
16.b4 Ncd7 17.Rb1 Nb6 18.Ba1 Rfd8 19.Qe2 Nfd7 20.Nd1 Rac8 21.Ne3 Nf6 22.b5 a5
23.Nc6 Bxc6 24.bxc6 Rb8 25.Rb5 Ne8 26.Rxa5 Qxc6 27.Rb5 Rbc8 28.Rb3 Bg5 29.Bd4 Nd7
30.e5 d5 31.c3 Bxe3 32.Qxe3 Rb8 33.Rxb8 Rxb8 34.g4 Nc7 35.h4 Nb5 36.Kg2 Nxd4
37.cxd4 Nb6 38.h5 Nc4 39.Qf4 Qd7 40.Ra1 Qe7 41.g5 h6 42.gxh6 g5 43.Qg3 Kh7
44.Bd1 Kxh6 45.Bc2 Qf8 46.Ra7 Qg7 47.Bg6 Rf8 48.f4 g4 49.Qh4  1-0

[Event "Winter Cup"]
[Site "Bucharest ROM"]
[Date "2006.01.22"]
[Round "9"]
[White "Murariu,A"]
[Black "Peptan,C"]
[Result "1-0"]
[WhiteElo "2441"]
[BlackElo "2404"]

1.e4 c5 2.Nf3 e6 3.d4 cxd4 4.Nxd4 a6 5.Nc3 b5 6.Bd3 Bb7 7.O-O Nc6 8.Nxc6 Bxc6
9.Re1 Bc5 10.Qh5 Qb6 11.Be3 Bxe3 12.Rxe3 Qd4 13.Rd1 g6 14.Qh3 Qe5 15.Bf1 Kf8
16.a3 Kg7 17.Qh4 Nf6 18.Ree1 a5 19.f4 Qc5+ 20.Kh1 h5 21.e5 Ng4 22.Rd2 b4
23.Ne4 Bxe4 24.Rxe4 bxa3 25.bxa3 Qxa3 26.Rxd7 Qc5 27.Red4 Ra7 28.h3 a4 29.Be2 Rxd7
30.Rxd7 Qf2 31.Qxf2 Nxf2+ 32.Kg1 Ne4 33.Bc4 Re8 34.Ra7 Nc3 35.Kf2 Kf8 36.Ke3 Rd8
37.g4 hxg4 38.hxg4 Nd1+ 39.Kf3 Rc8 40.Bd3 Nb2 41.Ke3 Rc5 42.g5 Nd1+ 43.Ke2 Nc3+
44.Ke3 Rc8 45.Kd4 Nd5 46.c4 Nxf4 47.Bf1 Rd8+ 48.Ke3 Rd1 49.Kxf4 Rxf1+ 50.Ke4 Ra1
51.Ra8+ Ke7 52.Ra7+ Ke8 53.Kd4 a3 54.Kc5 a2 55.Ra8+ Kd7 56.Ra7+ Kd8 57.Ra6 Kc7
58.Ra7+ Kd8 59.Ra6 Kc7 60.Ra7+ Kb8 61.Ra6 Kb7 62.Rb6+ Kc7 63.Ra6 Re1 64.Ra7+ Kb8
65.Rxa2 Rxe5+ 66.Kd6 Rxg5 67.Kd7 Rc5 68.Rb2+ Ka7 69.Rb4 g5 70.Kd6 Rc8 71.c5 f5
72.c6 g4 73.c7 g3 74.Kc6 Rxc7+ 75.Kxc7 Ka6 76.Kc6 Ka5 77.Rb1 Ka4 78.Kd6 f4
79.Ke5 f3 80.Kf4 e5+ 81.Kxf3  1-0

[Event "GM"]
[Site "Marianske Lazne CZE"]
[Date "2006.01.23"]
[Round "3"]
[White "Simacek,P"]
[Black "Mahjoob,M"]
[Result "1-0"]
[WhiteElo "2480"]
[BlackElo "2419"]

1.e4 c5 2.Nf3 e6 3.d4 cxd4 4.Nxd4 a6 5.Nc3 b5 6.Bd3 Qb6 7.Nf3 Nc6 8.O-O Qb8
9.e5 Bb7 10.Re1 Nge7 11.h4 h6 12.h5 Nc8 13.Bf4 Nb6 14.a4 b4 15.Ne4 Nd5 16.Bg3 Be7
17.c4 bxc3 18.bxc3 Qd8 19.Bc2 Rc8 20.Rc1 Na5 21.Bb1 Nc4 22.Nfd2 Nxd2 23.Qxd2 Qa5
24.Qd4 Nb6 25.Bd3 Bd5 26.Bh4 Bxe4 27.Bxe7 Bxd3 28.Bb4 Qd5 29.Qxb6 Qc6 30.Qd4 Bf5
31.Qh4 d6 32.Bxd6 f6 33.Qd4 Kf7 34.Qa7+ Kg8 35.Re3 Rh7 36.Qd4 Rd8 37.Qf4 Rh8
38.Rg3 Kf7 39.Qh4 Rhg8 40.Re1 Rc8 41.Qd4 Rcd8 42.Qe3 Qxa4 43.Rf3 g5 44.Rxf5 exf5
45.Qa7+ Ke6 46.Qe7+ Kd5 47.Qf7+ Kc6 48.Qc7+ Kd5 49.Qc5+ Ke6 50.exf6+  1-0

[Event "Gibtelecom Masters"]
[Site "Gibraltar ENG"]
[Date "2006.01.25"]
[Round "2"]
[White "Tissir,M"]
[Black "Kunte,A"]
[Result "1/2-1/2"]
[WhiteElo "2444"]
[BlackElo "2551"]

1.e4 c5 2.Nc3 e6 3.Nf3 a6 4.d4 cxd4 5.Nxd4 Qc7 6.Bd3 Nf6 7.Qe2 Bd6 8.Bd2 Nc6
9.Nf3 Rb8 10.O-O b5 11.Rae1 Ng4 12.h3 h5 13.Nd5 Qd8 14.Bg5 Nd4 15.Nxd4 Qxg5
16.Nf3 Qh6 17.e5 Bc5 18.Nc3 f5 19.exf6 gxf6 20.Ne4 Be7 21.Ng3 Bb7  1/2-1/2

[Event "FINEC WGM"]
[Site "St Petersburg RUS"]
[Date "2006.01.25"]
[Round "9"]
[White "Rohonyan,K"]
[Black "Petrenko,S"]
[Result "1-0"]
[WhiteElo "2315"]
[BlackElo "2346"]

1.e4 c5 2.Nf3 e6 3.d4 cxd4 4.Nxd4 a6 5.Nc3 Qc7 6.g3 b5 7.Bg2 Bb7 8.O-O Nf6
9.Re1 d6 10.Bg5 Nbd7 11.a4 bxa4 12.Nd5 exd5 13.exd5+ Kd8 14.Qe2 Ne5 15.f4 h6
16.fxe5 dxe5 17.Bxf6+ gxf6 18.Kh1 Bc5 19.Nf5 Qd7 20.Qe4 h5 21.Rxa4 Rg8 22.Raa1 Rg4
23.Qf3 Ke8 24.Rad1 Rd8 25.c3 Kf8 26.Nh6 Rg6 27.Qxh5 Bc8 28.Rf1 Rg5 29.Qh4 Kg7
30.Rxf6 Kxf6 31.Rf1+ Kg6 32.Rxf7 Rg4 33.Qf6+  1-0

[Event "Winter Cup"]
[Site "Bucharest ROM"]
[Date "2006.01.26"]
[Round "13"]
[White "Golubev,M"]
[Black "Peptan,C"]
[Result "0-1"]
[WhiteElo "2517"]
[BlackElo "2404"]

1.e4 c5 2.Nf3 e6 3.Nc3 a6 4.d4 cxd4 5.Nxd4 b5 6.Bd3 Bb7 7.O-O Nc6 8.Nxc6 Bxc6
9.Qe2 Bc5 10.a4 b4 11.Nd5 Ne7 12.Nf4 Qb8 13.Nh5 O-O 14.Bf4 e5 15.Bd2 Qb7
16.b3 Ng6 17.Qg4 d5 18.exd5 Bxd5 19.Rae1 Rae8 20.Be3 Bxe3 21.fxe3 e4 22.Be2 Qb6
23.Kh1 Be6 24.Qg3 Rc8 25.Bd1 f5 26.Qg5 Qd8 27.Qxd8 Rfxd8 28.Ng3 Nh4 29.Ne2 Rd2
30.Nd4 Nxg2 31.Nxe6 Nxe1 32.Rxe1 Kf7 33.Nd4 f4 34.Be2 f3 35.Bxa6 Rc3 36.Bf1 Rc5
37.Ra1 g5 38.Bc4+ Ke7 39.a5 g4 40.a6 Rh5 41.Kg1 Rg2+ 42.Kf1 Rhxh2 43.Ke1 Rg1+  0-1

[Event "Gibtelecom Masters"]
[Site "Gibraltar ENG"]
[Date "2006.01.26"]
[Round "3"]
[White "Ashton,A"]
[Black "Agrest,E"]
[Result "0-1"]
[WhiteElo "2321"]
[BlackElo "2591"]

1.e4 c5 2.Nf3 e6 3.d4 cxd4 4.Nxd4 a6 5.Nc3 d6 6.Bd3 Nf6 7.O-O Nbd7 8.Kh1 b5
9.Bd2 Bb7 10.Qe2 Nc5 11.f3 g6 12.a4 b4 13.Na2 e5 14.Nb3 Nxd3 15.Qxd3 a5 16.Rfd1 Ba6
17.Qe3 Bc4 18.Nbc1 Bg7 19.b3 Be6 20.c3 O-O 21.cxb4 d5 22.Be1 Qb8 23.bxa5 dxe4
24.fxe4 Ng4 25.Qb6 Qc8 26.h3 Rb8 27.Qg1 Nf6 28.Qe3 Qc6 29.b4 Nxe4 30.b5 Qc4
31.Ne2 f5 32.a6 f4 33.Qd3 f3 34.Qxc4 Bxc4 35.gxf3 Rxf3 36.Ng1 Rf1 37.a7 Rbf8
38.b6 Ba6 39.Bh4 Nf2+ 40.Bxf2 Bb7+ 41.Kh2 R1xf2+ 42.Kg3 Rg2+  0-1

[Event "GM"]
[Site "Marianske Lazne CZE"]
[Date "2006.01.26"]
[Round "7"]
[White "Voloshin,L"]
[Black "Mahjoob,M"]
[Result "0-1"]
[WhiteElo "2466"]
[BlackElo "2419"]

1.e4 c5 2.Nf3 e6 3.d4 cxd4 4.Nxd4 a6 5.Nc3 b5 6.Bd3 Qb6 7.Nb3 Qc7 8.O-O Nf6
9.a3 d6 10.Kh1 Be7 11.f4 Nc6 12.f5 O-O 13.Ne2 Ne5 14.Nf4 Nxd3 15.Qxd3 Qc4
16.fxe6 fxe6 17.Nd2 Qc6 18.b4 Bd8 19.Bb2 Ra7 20.c4 Raf7 21.cxb5 axb5 22.e5 dxe5
23.Ne2 Bb7 24.Qg3 Nh5 25.Qh3 Rf2  0-1

[Event "Gibtelecom Masters"]
[Site "Gibraltar ENG"]
[Date "2006.01.27"]
[Round "4"]
[White "Reppen,E"]
[Black "Sbia,B"]
[Result "1/2-1/2"]
[WhiteElo "1851"]
[BlackElo "1989"]

1.e4 c5 2.Nf3 e6 3.d4 cxd4 4.Nxd4 a6 5.Nc3 Qc7 6.Bd3 Bb4 7.Bd2 Nf6 8.O-O Bxc3
9.Bxc3 d5 10.exd5 Nxd5 11.Bd2 O-O 12.Qh5 Nf6 13.Qh4 e5 14.Nf5 e4 15.Bxe4 Qe5
16.Ng3 Nxe4 17.Qxe4 Qxb2 18.Bb4 Rd8 19.Rad1 Bd7 20.Qxb7 Nc6 21.Rxd7 Nxb4
22.Rxf7 Rab8 23.Qf3 Qxa2 24.Rc7 Rf8 25.Qg4 Rf7 26.Rxf7 Qxf7 27.Rb1 Qf8 28.Nh5 g6
29.Qe6+ Qf7 30.Nf6+ Kg7 31.Qxf7+ Kxf7 32.Nd5 Nc6 33.Rxb8 Nxb8 34.Kf1 Ke6
35.Ne3 Ke5 36.c3 Nd7 37.Ke2 Nc5 38.f3 h5 39.Nc4+ Kd5 40.Na3 Na4 41.Kd3 a5
42.h4 Nc5+ 43.Ke3 a4 44.g3 Nd7 45.Kf4 Ke6 46.Kg5 Kf7 47.g4 hxg4 48.fxg4 Nc5
49.Kf4 Kf6 50.Ke3 Ke5 51.h5 gxh5 52.gxh5 Nd7 53.h6 Nf6 54.Kd3 Kd5 55.Nc4 Kc5
56.Ne3 Nh7 57.Kc2 Ng5 58.Kb2 Kd6 59.Ka3 Ke6 60.c4 Kf7 61.c5 Kg6 62.c6 Ne6
63.Ng4 Nd4 64.Ne5+ Kxh6 65.Nf7+ Kg7 66.c7 Nb5+ 67.Kxa4  1/2-1/2

[Event "14th FAJR Open"]
[Site "Tehran IRI"]
[Date "2006.01.28"]
[Round "6"]
[White "Babujian,L"]
[Black "Sadatnajafi,M"]
[Result "1-0"]
[WhiteElo "2441"]
[BlackElo "2189"]

1.e4 c5 2.Nc3 e6 3.Nf3 a6 4.d4 cxd4 5.Nxd4 Qc7 6.g3 Nc6 7.Bg2 Bc5 8.Nb3 Ba7
9.O-O b5 10.Qg4 Kf8 11.Bf4 Ne5 12.Qe2 Nf6 13.Rad1 d6 14.a4 b4 15.Na2 a5 16.c3 Ba6
17.Qe1 Bxf1 18.Qxf1 Ke7 19.Nd4 Rhd8 20.Nb5 Qc4 21.Qxc4 Nxc4 22.b3 Ne5 23.cxb4 Nfg4
24.Nxa7 Rxa7 25.h3 Nf6 26.b5 Rc8 27.Nc1 Rc2 28.Kf1 Rb2 29.Bxe5 dxe5 30.Nd3 Rxb3
31.Nxe5 Rc3 32.Nc6+ Rxc6 33.bxc6 e5 34.f4 Rc7 35.fxe5 Nh5 36.Bf3 Rxc6 37.Bxh5 Rc4
38.Rb1 g6 39.Bd1 Rxe4 40.Rb5 Rd4 41.Bb3 Rd3 42.Kf2  1-0

[Event "Open"]
[Site "Moscow RUS"]
[Date "2006.01.29"]
[Round "1"]
[White "Simonian,H"]
[Black "Ivanov,Vic"]
[Result "0-1"]
[WhiteElo "2280"]
[BlackElo "2494"]

1.e4 c5 2.Nc3 e6 3.Nf3 a6 4.d4 cxd4 5.Nxd4 b5 6.Bd3 Qb6 7.Be3 Bc5 8.Be2 Nc6
9.Nxc6 dxc6 10.O-O Bxe3 11.fxe3 Qxe3+ 12.Kh1 Qc5 13.e5 Qxe5 14.Re1 Nf6 15.Bxb5 Qc7
16.Bd3 O-O 17.Qf3 Rb8 18.b3 c5 19.Ne4 Nxe4 20.Qxe4 g6 21.Qe5 Qb6 22.h4 Rd8
23.Qf6 Rd5 24.Rf1 Rd7 25.Rae1 Bb7 26.h5 Qd8 27.Rxe6 fxe6 28.Qxe6+ Kg7 29.Qe5+ Kh6
30.Rf6 Rd4 31.hxg6 Rh4+ 32.Kg1 Qd4+ 33.Qxd4 Rxd4 34.gxh7+ Kg7 35.Rb6 Rb4
36.Rd6 Rg4  0-1

[Event "14th FAJR Open"]
[Site "Tehran IRI"]
[Date "2006.01.29"]
[Round "7"]
[White "Faryad,H"]
[Black "Ardeshi,M"]
[Result "0-1"]
[WhiteElo "2197"]
[BlackElo "2348"]

1.e4 c5 2.Nc3 e6 3.Nf3 a6 4.d4 cxd4 5.Nxd4 Qc7 6.Bd3 Nf6 7.Be3 b5 8.O-O Bb7
9.a3 d6 10.f4 Nbd7 11.Qf3 Be7 12.Rae1 g6 13.Kh1 h5 14.Bg1 g5 15.fxg5 Ne5
16.Qe2 Nfg4 17.Rd1 Qd7 18.Nf3 Ng6 19.Nd4 Bxg5 20.Ncxb5 Nf4 21.Qd2 e5 22.Nf5 axb5
23.Bxb5 Bc6 24.Nxd6+ Kf8 25.Qb4 Be7 26.Rxf4 exf4 27.Qc3 Bf6 28.Bxc6 Bxc3
29.Bxd7 Bxb2 30.Bc5 Kg8 31.Rb1 Be5 32.h3 Ne3 33.Bc6 Ra6 34.Rb8+ Kh7 35.Rxh8+ Bxh8
36.Bb5 Ra8 37.c4 Kg6 38.Kg1 Be5 39.a4 Rd8 40.Bxe3 fxe3 41.c5 Bxd6 42.cxd6 Rxd6  0-1

[Event "ch-Serbia"]
[Site "Vrnjacka Banja SCG"]
[Date "2006.01.31"]
[Round "2"]
[White "Stupavski,Z"]
[Black "Pantic,I"]
[Result "1-0"]
[WhiteElo "2409"]
[BlackElo "2201"]

1.e4 c5 2.Nf3 e6 3.d4 cxd4 4.Nxd4 a6 5.Nc3 Qc7 6.g3 h5 7.h3 Bb4 8.Ne2 Nf6
9.Bf4 Qc4 10.Qd3 Qxe4 11.Qxe4 Nxe4 12.Bg2 Nxc3 13.Nxc3 d5 14.O-O-O Bxc3 15.bxc3 b5
16.Rhe1 O-O 17.Bf3 g6 18.g4 h4 19.Bh6 Rd8 20.Bg5 Rd6 21.Bxh4 Bb7 22.Bg3 Rd7
23.Be5 Nc6 24.Bf6 Rc8 25.h4 b4 26.h5 bxc3 27.hxg6 fxg6 28.g5 Kf7 29.Bg4 Rd6
30.Rh1 Rb8 31.Rh7+ Ke8 32.Rdh1 Bc8 33.Rh8+ Kd7 34.R1h7+ Ne7 35.Bxe7 Kc6 36.Bxd6 Kxd6
37.Rd8+ Ke5 38.Rc7 Rb4 39.Rdxc8 Rxg4 40.Rxc3 d4 41.R3c5+ Kf4  1-0

[Event "3rd ch-Mediterranean"]
[Site "Antalya TUR"]
[Date "2006.02.01"]
[Round "1"]
[White "Atakisi,U"]
[Black "Yagiz,Y"]
[Result "1/2-1/2"]
[WhiteElo "2441"]
[BlackElo "2209"]

1.e4 c5 2.Nf3 e6 3.d4 cxd4 4.Nxd4 a6 5.Nc3 b5 6.Bd3 Qb6 7.Be3 Bc5 8.Be2 Nc6
9.Nxc6 dxc6 10.Bxc5 Qxc5 11.Qd3 e5 12.O-O-O Be6 13.Qd6 Qxd6 14.Rxd6 Rc8 15.Nd1 Nf6
16.f3 Ke7 17.Rd2 h5 18.h4 Rcg8 19.Ne3 g5 20.hxg5 Rxg5 21.Rh4 Nd7 22.Bd3 Nf8
23.Nf5+ Kf6 24.f4 Rg4 25.fxe5+ Kxe5 26.Rf2 Ng6 27.Rh1 h4 28.Kd2 c5 29.Ne3 Rg5
30.c4 Nf4 31.Rhf1 Nxd3 32.Kxd3 Rd8+ 33.Kc2 Rd4 34.cxb5 axb5 35.Nd5 Rxe4 36.Nc3 Re3
37.Kd2 Rgg3 38.Nxb5 Bc4 39.Rf5+ Ke6 40.Rf6+ Ke7 41.Nc3 Rxc3 42.bxc3 Bxf1
43.Rxf1 Rxg2+ 44.Ke3 Rxa2 45.Rf5 Ke6 46.Rxc5 f5 47.Rc4 h3 48.Rh4 h2 49.Kf3 Ke5
50.Rh8 Rc2 51.Re8+ Kf6 52.Rh8 Kg7 53.Rh5 Kg6 54.Rh8 Kg7 55.Rh5 Kf6 56.Rh8 Rxc3+
57.Kg2 Kg5 58.Kxh2 Kg4 59.Rg8+ Kf4 60.Rf8 Ke4 61.Kg2 Rc2+ 62.Kg3 Rc3+ 63.Kf2 Kf4
64.Ra8 Rc2+ 65.Kf1 Kg4 66.Ra4+ f4 67.Ra3  1/2-1/2

[Event "Gibtelecom Masters"]
[Site "Gibraltar ENG"]
[Date "2006.02.01"]
[Round "9"]
[White "Slimani,A"]
[Black "Helin,M"]
[Result "1/2-1/2"]
[WhiteElo "1956"]
[BlackElo "1970"]

1.e4 c5 2.Nf3 e6 3.d4 cxd4 4.Nxd4 a6 5.Nc3 Qc7 6.Be3 Nf6 7.Be2 Be7 8.O-O h5
9.f3 Bd6 10.f4 Ng4 11.Bxg4 hxg4 12.Ndb5 axb5 13.Nxb5 Qc6 14.Nxd6+ Ke7 15.e5 f5
16.exf6+ gxf6 17.Nxc8+ Qxc8 18.Qxg4 Rg8 19.Qe2 Ra5 20.Rfd1 Qc6 21.b4 Rd5
22.c4 Rxd1+ 23.Rxd1 b6 24.c5 b5 25.Bd4 Na6 26.Bc3 Nc7 27.Rd6 Qa8 28.f5 Nd5
29.Rxd7+ Kxd7 30.Qxe6+ Kc7 31.Qd6+ Kc8 32.Qe6+ Kc7 33.Qd6+  1/2-1/2